000 00530nam a2200193Ia 4500
005 20230128085105.0
008 131103s9999 xx 000 0 und d
040 _aLoreto College
041 _aEnglish
082 _a954.01
_bMAJ
100 _aMajumdar,R.C.
245 _aHindu Colonics in the Far East
_cR.C.Majumdar
260 _aCalcutta
_bGeneral Printers and Publishers Limited
_c1944
300 _a[8],242 p.
_b plates
504 _aIncludes index
650 _aHistory - Ancient India
850 _aLCLIB
942 _cBK
999 _c9286
_d59765